000 00576nam a22001817a 4500
999 _c14099
_d14099
008 160927b xxu||||| |||| 00| 0 eng d
020 _a9780321699121
020 _a0321699122
050 _aQA 276.12
_b.D4 2012
100 _aDe veaux, Richard D.
245 _aIntro stats /
250 _a3rd ed.,
_bTechnology update
260 _aBoston :
_bPearson Addison-Wesley,
_c ©2012.
300 _a767, [63] p. :
_b ill. (some color) ;
_c29 cm
_e+ 2 DVD-ROMs (4 3/4 in.)
500 _aRevised edition of: Intro stats. 3rd ed. c2009. Includes index.
650 _aStatistics
_xtextbooks.
700 _aVelleman, Paul F.
700 _aBock, David E.
942 _2lcc
_cBOOKS
_hQA 276.12 .D4 2012